000 nam a22 a 4500
999 _c2101
_d2101
003 AKMAL
005 20170515113250.0
008 170515t19931993my e b 000 0 may d
020 _a9676103470
_qpaperback :
_cRM 6.50
040 _aAKMAL
082 0 4 _a361.323 AZI
090 _a361.323
_bAZI
100 0 _aAziz Salleh,
_eauthor.
_94342
245 1 0 _aKAUNSELING ISLAM ASAS /
_cAziz Salleh
260 1 _aKuala Lumpur :
_bUTUSAN PUBLICATIONS & DISTRIBUTORS SDN BHD,
_c1993
264 4 _c©1993
300 _aiii, 94 pages ;
_c22 cm
504 _aIncludes bibliographical references : pages 93-94
650 1 0 _aCounseling
_xReligious aspects
_xIslam
_91920
942 _2ddc
_cBOOK